Welcome to CU Library Online Public Access Catalogue (OPAC)

The English Legal System (Record no. 74)

MARC details
000 -LEADER
fixed length control field 00652nam a22001937a 4500
005 - DATE AND TIME OF LATEST TRANSACTION
control field 20241019102040.0
008 - FIXED-LENGTH DATA ELEMENTS--GENERAL INFORMATION
fixed length control field 241019b |||||||| |||| 00| 0 eng d
020 ## - INTERNATIONAL STANDARD BOOK NUMBER
International Standard Book Number 9781845680343
050 ## - LIBRARY OF CONGRESS CALL NUMBER
Classification number KD661.
Item number E543
100 ## - MAIN ENTRY--PERSONAL NAME
Personal name Slapper, Gary;
245 ## - TITLE STATEMENT
Title The English Legal System
Statement of responsibility, etc. Slapper, Gary; Kelly, David
250 ## - EDITION STATEMENT
Edition statement Eighth Ed.
260 ## - PUBLICATION, DISTRIBUTION, ETC.
Place of publication, distribution, etc. New York
-- Canada
Name of publisher, distributor, etc. Routledge-Cavendish
Date of publication, distribution, etc. 2006
300 ## - PHYSICAL DESCRIPTION
Extent xliv; 738 pages;
Other physical details Index
Dimensions 25cm
500 ## - GENERAL NOTE
General note English Legal System / English Law / Introduction to Law
650 ## - SUBJECT ADDED ENTRY--TOPICAL TERM
Source of heading or term English Law
Topical term or geographic name entry element British
General subdivision Legal System
700 ## - ADDED ENTRY--PERSONAL NAME
Personal name Slapper, Gary
Titles and other words associated with a name The English Legal System
Relator term Author
942 ## - ADDED ENTRY ELEMENTS (KOHA)
Source of classification or shelving scheme Library of Congress Classification
Koha item type Books
Edition Eighth Ed.
Suppress in OPAC No
999 ## -
-- 74
-- 74
Holdings
Withdrawn status Lost status Source of classification or shelving scheme Damaged status Not for loan Collection Home library Current library Shelving location Date acquired Total checkouts Full call number Barcode Date last seen Copy number Price effective from Koha item type
    Library of Congress Classification     Non-fiction Law Library (Christ Temple) Law Library (Christ Temple) General stacks 04/23/2025   KD661.E543 ENG LLCT00000598 04/23/2025 1 04/23/2025 Books
    Library of Congress Classification     Non-fiction Law Library (Miotso) Law Library (Miotso) Reference 10/19/2024   KD661.E543 llm00000160 10/19/2024 1 10/19/2024 Books
© 2023-2024 Copyright: Central University Libraries. All Rights Reserved | Created by: Mahone Tech Office